Tập truyện Nguyên Bình

Đã lưu trong:
Sonraí Bibleagrafaíochta
Príomhúdar: Nguyễn, Bình
Údar Corparáideach: Liên Hiệp các Hội Văn học Nghệ thuật Việt Nam Hội Văn học Nghệ thuật các Dân tộc Thiểu số Việt Nam
Formáid: Leabhar
Teanga:Vietnamese
Foilsithe: Hà Nội Hội nhà văn 2018
Ábhair:
Clibeanna: Cuir Clib Leis
Gan Chlibeanna, Bí ar an gcéad duine leis an taifead seo a chlibeáil!
Thư viện lưu trữ: Trung tâm Học liệu Lê Vũ Hùng, Trường Đại học Đồng Tháp
LEADER 01138aam a22002658a 4500
001 00043616
005 20190226160255.0
008 140604s2013 ||||||viesd
020 # # |c 0  |a 978 604 972 645 3 
041 0 # |a vie 
082 1 # |a 895.922 334  |b T123TR 
100 1 # |a Nguyễn, Bình 
245 1 0 |c Nguyễn Bình  |a Tập truyện Nguyên Bình 
260 # # |a Hà Nội  |b Hội nhà văn  |c 2018 
300 # # |a 447 tr.  |c 21 cm. 
500 # # |a ĐTTS ghi: Liên Hiệp các Hội Văn học Nghệ thuật Việt Nam. Hội Văn học Nghệ thuật các Dân tộc Thiểu số Việt Nam 
504 # # |a tr.445 - 447 
653 # # |a Truyện ngắn 
653 # # |a Việt Nam 
653 # # |a Văn học Việt Nam 
653 # # |a Văn học dân tộc thiểu số 
710 # # |a Liên Hiệp các Hội Văn học Nghệ thuật Việt Nam  |b Hội Văn học Nghệ thuật các Dân tộc Thiểu số Việt Nam 
852 # # |j KD.0024460 
910 0 # |d 26/2/2019 
980 # # |a Trung tâm Học liệu Lê Vũ Hùng, Trường Đại học Đồng Tháp